西安市知识测验 历史遗址部分 Xi‘an city quiz #1 - Statistics

General Stats
  • This quiz has been taken 44 times
  • The average score is 13 of 23
Answer Stats
问题 答案 % Correct
唐代扩建上述都城,改名长安,在城东北兴建宫殿名为 大明宫
90%
西安作为西周都城的称呼 丰镐(宗周)
85%
写出一个汉长安城在上述宫殿基础上修建的宫殿 未央宫/长乐宫
80%
市区东部的重要新石器时代遗址 半坡遗址
75%
写出一个秦咸阳城及附近所建的宫殿 阿房宫/章台宫/兴乐宫……
70%
兵马俑与秦始皇陵所在的现代市辖区 临潼区
68%
西晋与隋之间定都长安的朝代政权 前秦
63%
西晋与隋之间定都长安的朝代政权 西魏
60%
西晋与隋之间定都长安的朝代政权 北周
60%
隋代在汉长安城东南新建都城,名为 大兴城
60%
西安事变发生的日期(数字格式,如1949年10月1日,则填19491001) 19361212
60%
西晋与隋之间定都长安的朝代政权 后秦
58%
上题所述的湖泊 曲江池
58%
唐长安城所在的州级行政区 {京兆}府
50%
明城墙东门,现同名地铁站位于6号线 长乐门
50%
唐长安城东部的宫殿,为唐玄宗开元/天宝年间的政治中心 兴庆宫
48%
明城墙南门,现同名地铁站位于2号线 永宁门
43%
西晋与隋之间定都长安的朝代政权 前赵
38%
唐长安城北部中心的正宫,现为现代建筑覆盖无法考古发掘 太极宫
38%
大雁塔又因其所在的寺庙名为 (大)慈恩寺塔
38%
明城墙北门,现同名地铁站位于2号线 安远门
33%
唐长安城东南角的湖泊园林 芙蓉园
28%
明城墙西门,现同名地铁站位于6号线 安定门
28%
No matching quizzes found
Score Distribution
Percent of People with Each Score
Percentile by Number Answered
Your Score History
You have not taken this quiz